Valuation Estimates for Three Biggest Slovak Insurance Companies in Comparison to Their Parent Companies and Biggest US Insurance Companies
Vybrané tri najväčšie slovenské poisťovacie spoločnosti v porovnaní s ich materskými spoločnosťami a tromi najväčšími americkými poisťovacími spoločnosťami. Ocenenie založené na najnovších finančných ukazovateľoch vrátane výnosov, ziskov a pomerov ceny k výnosom. Ocenenia odhadované tiež v päťročnom...
Salvato in:
| Autore principale: | |
|---|---|
| Natura: | Capitolo di libro |
| Lingua: | inglese |
| Soggetti: | |
| Tags: |
Nessun Tag, puoi essere il primo ad aggiungerne!!
|
MARC
| LEADER | 00000naa$a2200000$$$4500 | ||
|---|---|---|---|
| 001 | 0272525 | ||
| 005 | 20240502074308.7 | ||
| 041 | 0 | |a eng | |
| 044 | |a SK | ||
| 245 | 1 | 0 | |a Valuation Estimates for Three Biggest Slovak Insurance Companies in Comparison to Their Parent Companies and Biggest US Insurance Companies |c Denis Matušovič |
| 520 | |a Vybrané tri najväčšie slovenské poisťovacie spoločnosti v porovnaní s ich materskými spoločnosťami a tromi najväčšími americkými poisťovacími spoločnosťami. Ocenenie založené na najnovších finančných ukazovateľoch vrátane výnosov, ziskov a pomerov ceny k výnosom. Ocenenia odhadované tiež v päťročnom horizonte od roku 2015 do roku 2019 a v porovnaní s verejne obchodovanými skúmanými poisťovňami. | ||
| 610 | 2 | 0 | |a oceňovanie |
| 610 | 2 | 0 | |a Slovensko |
| 610 | 2 | 0 | |a USA |
| 610 | 2 | 0 | |a poisťovne |
| 610 | 2 | 0 | |a spoločnosti materské |
| 610 | 2 | 0 | |a ukazovatele finančné |
| 100 | 1 | |a Matušovič, Denis | |